| 000 | 00573nam a2200169 a 4500 | ||
|---|---|---|---|
| 001 | 000045507 | ||
| 005 | 20201002052304.0 | ||
| 008 | 150410s2006 dr 000 p spa d | ||
| 040 |
_aDO-SdBNP _bspa _cBNPHU |
||
| 082 |
_axxxx _bxxxx |
||
| 100 | 1 |
_aBerroa, Robert, _d1955- _920525 |
|
| 245 | 1 | 0 |
_aEspasmos prohibidos / _cRobert Berroa ; prólogo Víctor Villegas. |
| 260 |
_aSanto Domingo : _bGráfica Willian, _c2006. |
||
| 300 |
_a108 p. ; _c21 cm. |
||
| 500 | _aIncluye datos biográficos del autor en la solapa de la cubierta. | ||
| 700 | 1 | 2 |
_aVillegas, Víctor, _epról. _97744 |
| 999 |
_c44996 _d44996 |
||